Catálogo

Vista normal Vista MARC

Entrada Personal Name

Número de registros utilizados en: 1

001 - CONTROL NUMBER

  • control field: 15695

003 - CONTROL NUMBER IDENTIFIER

  • control field: DLC

005 - DATE AND TIME OF LATEST TRANSACTION

  • control field: 20240515161217.0

008 - FIXED-LENGTH DATA ELEMENTS

  • fixed length control field: 160421n| azannaabn |b aaa c

010 ## - LIBRARY OF CONGRESS CONTROL NUMBER

  • LC control number: no2016053998

035 ## - SYSTEM CONTROL NUMBER

  • System control number: (OCoLC)oca10452549

040 ## - CATALOGING SOURCE

  • Original cataloging agency: ICrlF
  • Language of cataloging: spa
  • Description conventions: rda
  • Transcribing agency: Mx-PuUPA
  • Modifying agency: DLC
  • Modifying agency: Mx-PuUPA

046 ## - SPECIAL CODED DATES

  • Birth date: 18880604
  • Death date: 19670207
  • Source of date scheme: edtf

100 1# - HEADING--PERSONAL NAME

  • Personal name: Egri, Lajos,
  • Dates associated with a name: 1888-1967

372 ## - FIELD OF ACTIVITY

  • Field of activity: Drama

374 ## - OCCUPATION

  • Occupation: Dramaturgo
  • Occupation: Autor

375 ## - GENDER

  • Gender: hombre

377 ## - ASSOCIATED LANGUAGE

  • Language code: eng

378 ## - FULLER FORM OF PERSONAL NAME

  • Fuller form of personal name: Lajos N.

400 1# - SEE FROM TRACING--PERSONAL NAME

  • Personal name: Igrī, Lājūs,
  • Dates associated with a name: 1888-1967

400 1# - SEE FROM TRACING--PERSONAL NAME

  • Personal name: اگرى، لاجوس

670 ## - SOURCE DATA FOUND

  • Source citation: Egri, Lajos. The art of dramatic writing, c2007 :
  • Information found: t.p. (Lajos Egri)

670 ## - SOURCE DATA FOUND

  • Source citation: Wikipedia May 21, 2016
  • Information found: (Lajos N. Egri born, June 4, 1888, died, February 7, 1967, was the author of The Art of Dramatic Writing, which is widely regarded as one of the best works on the subject of playwriting)

670 ## - SOURCE DATA FOUND

  • Source citation: Fann-i namāyishnāmahʹnivīsī, 1957:
  • Information found: t.p. (لاجوس اگرى = Lājūs Igrī) t.p. verso (Lajos Egri [in rom.])